00780nam a2200253 a 450000100060000000300080000600500170001400800410003102000260007202000270009803500190012504000350014404100080017908200250018710000240021224501000023626000400033630000290037650000190040550400290042465100200045370000220047370000310049556987BD-RjUL20211209080445.0161205s1993 enkbo b 001 0 eng d a187341000X (Hardback) a1873410018 (Paperback) a(BD-RjUL)57111 aBD-RjULbengcBD-RjULdBD-RjUL aeng0 a299.56223bREJ 19931 aReader, Ian,d1949-10aJapanese religions :bpast and present /cby Ian Reader with Esben Andreasen, Finn Stefánsson aFolkestone :bJapan Library,cc1993 a189 p. :bill. ;c24 cm. aIncludes index aBibliography: p. 183-185 0aJapanxReligion1 aAndreasen, Esben.1 aStefánsson, Finn,d1942-